<?xml version="1.0" encoding="UTF-8"?>
<collection xmlns="http://www.loc.gov/MARC21/slim">
    <record>
        <controlfield tag="001">46287</controlfield>
        <controlfield tag="005">20170831220534.0</controlfield>
        <datafield tag="037" ind1=" " ind2=" ">
            <subfield code="a">GDOC-2010-0744</subfield>
        </datafield>
        <datafield tag="041" ind1=" " ind2=" ">
            <subfield code="a">spa</subfield>
        </datafield>
        <datafield tag="100" ind1=" " ind2=" ">
            <subfield code="0">(orcid)0000-0002-8801-9544</subfield>
            <subfield code="a">Alegret Badiola, María Laia</subfield>
        </datafield>
        <datafield tag="245" ind1="0" ind2="0">
            <subfield code="9">60328</subfield>
            <subfield code="a">Reconstrucción paleoambiental</subfield>
        </datafield>
        <datafield tag="260" ind1=" " ind2=" ">
            <subfield code="a">Zaragoza</subfield>
            <subfield code="b">Universidad de Zaragoza</subfield>
            <subfield code="c">2010-2011</subfield>
        </datafield>
        <datafield tag="520" ind1=" " ind2=" ">
            <subfield code="a">En esta asignatura se presentarán las principales aplicaciones de los fósiles y análisis geoquímicos en reconstrucciones paleoambientales tanto de medios terrestres como de medios marinos. Se profundizará en la aplicación de los microfósiles marinos y en el análisis de isótopos estables en sus conchas como indicadores de las condiciones ambientales (productividad, oxigenación y corrosividad de las aguas, niveles de contaminación, etc.), haciendo especial énfasis en el empleo de sondeos marinos como fuente de información paleoambiental y paleoceanográfica. Se señalará además la importancia de las plantas fósiles en reconstrucciones paleoambientales de medios terrestres. Esta asignatura está relacionada con las asignaturas 60311 y 60326, poniendo mayor énfasis en la selección del registro fósil para realizar análisis de isótopos e inferir las condiciones paleoambientales. Asimismo, está relacionada con la asignatura 60329, pero hace mayor hincapié en el análisis de la evolución paleoambiental a lo largo del Cenozoico. </subfield>
        </datafield>
        <datafield tag="521" ind1=" " ind2=" ">
            <subfield code="9">601</subfield>
            <subfield code="a">Máster Universitario en Iniciación a la Investigación en Geología</subfield>
        </datafield>
        <datafield tag="540" ind1=" " ind2=" ">
            <subfield code="a">by-nc-sa</subfield>
            <subfield code="b">Creative Commons</subfield>
            <subfield code="c">3.0</subfield>
            <subfield code="u">http://creativecommons.org/licenses/by-nc-sa/3.0/</subfield>
        </datafield>
        <datafield tag="700" ind1=" " ind2=" ">
            <subfield code="0">(orcid)0000-0002-0903-3605</subfield>
            <subfield code="a">Ferrer Plou, José Javier</subfield>
        </datafield>
        <datafield tag="830" ind1=" " ind2=" ">
            <subfield code="9">337</subfield>
        </datafield>
        <datafield tag="856" ind1="4" ind2=" ">
            <subfield code="s">159810</subfield>
            <subfield code="u">http://zaguan.unizar.es/record/46287/files/guia.pdf</subfield>
            <subfield code="y">Guía (idioma español)</subfield>
        </datafield>
        <datafield tag="980" ind1=" " ind2=" ">
            <subfield code="a">GDOC</subfield>
            <subfield code="b">Ciencias</subfield>
            <subfield code="c">100</subfield>
        </datafield>
    </record>

    
</collection>